Statistics for Movies by Director-Actor Collaboration

Click here to take the quiz!

General Stats

  • This quiz has been taken 86 times
  • The average score is 8 of 16

Answer Stats

DirectorActorAnswer% Correct
Stanley KubrickJack NicholsonThe Shining
93%
Francis Ford CoppolaRobert De NiroThe Godfather - Part II
88%
Quentin TarantinoBrad PittInglourious Basterds
83%
Steven SpielbergLeonardo Di CaprioCatch Me If You Can
74%
Martin ScorseseCate BlanchettThe Aviator
63%
Christopher NolanAl PacinoInsomnia
61%
David LeanPeter O'TooleLawrence of Arabia
59%
Clint EastwoodSean PennMystic River
59%
Brian de PalmaKevin CostnerThe Untouchables
45%
Spike LeeEdward Norton25th Hour
29%
Alfred HitchcockSean ConneryMarnie
29%
Roman PolanskiHarrison FordFrantic
26%
Orson WellesCharlton HestonTouch of Evil
24%
Werner HerzogNicolas CageBad Lieutenant
20%
John CarpenterJeff BridgesStarman
14%
Ingmar BergmanIngrid BergmanAutumn Sonata
13%

Score Distribution

Percentile by Number Answered

Percent of People with Each Score

Your Score History

You have not taken this quiz